Datum a čas kvízu
25
Celkem bodů
Celkový počet nahraných bodů na tomto kvízu bez doplňovacích otázek.
2.
Pořadí na kvízu
Konečné umístění týmu na tomto kvízu.
Zaznamenané odpovědi
| # | Otázka | Odpověď | Body | Výsledky |
|---|---|---|---|---|
| 1. | Ve středu jsme si připomněli 3... | Červený Hrádek | 1 | |
| 2. | Nestává se příliš často, aby p... | A$AP Rocky | 0 | |
| 3. | Slovenská policie hledá čtyři... | Afghánistán | 0 | |
| 4. | Britská telekomunikační skupin... | UPC | 0 | |
| 5. | "Víte, jaký je rozdíl mezi zmr... | Černá Hora | 1 | |
| 6. | V tomto tématu se zaměříme jak... | faraonský | 0 | |
| 7. | Označení pro samici králíka do... | ramlice | 1 | |
| 8. | Tento druh kozy pochází ze stř... | kašmír | 1 | |
| 9. | Tato část trávicího ústrojí př... | bachor | 1 | |
| 10. | V poslední době je k vidění st... | C | 1 |